000 00319nam a22001337a 4500
008 171025b xxu||||| |||| 00| 0 eng d
020 _a9781576600887
041 _aeng
080 _a336.2
100 _a55
101 _aTAK
245 _aWALL STREET SECRETS FOR TAX-EFFICIENT INVESTING
_cGORDON,R.N
942 _2udc
_cBK
999 _c35836
_d35836